Analyse des mises en œuvre de la formation des futurs enseignants aux Valeurs de la République : une approche pluridisciplinaire (notice n° 1616890)
[ vue normale ]
| 000 -LEADER | |
|---|---|
| fixed length control field | 01643cam a2200325 4500500 |
| 005 - DATE AND TIME OF LATEST TRANSACTION | |
| control field | 20260111081301.0 |
| 041 ## - LANGUAGE CODE | |
| Language code of text/sound track or separate title | fre |
| 042 ## - AUTHENTICATION CODE | |
| Authentication code | dc |
| 100 10 - MAIN ENTRY--PERSONAL NAME | |
| Personal name | Fanton-Bayrou, |
| Relator term | author |
| 245 00 - TITLE STATEMENT | |
| Title | Analyse des mises en œuvre de la formation des futurs enseignants aux Valeurs de la République : une approche pluridisciplinaire |
| 260 ## - PUBLICATION, DISTRIBUTION, ETC. | |
| Date of publication, distribution, etc. | 2025.<br/> |
| 500 ## - GENERAL NOTE | |
| General note | 16 |
| 520 ## - SUMMARY, ETC. | |
| Summary, etc. | Notre étude a pour objectif d’analyser et de comparer les démarches pédagogiques envisagées et les contenus promulgués dans deux centres de formation situés à Rennes, INSPE et UFR STAPS ainsi que dans deux disciplines différentes, en Éducation Physique et Sportive (EPS) et en Histoire-Géographie. |
| 520 ## - SUMMARY, ETC. | |
| Summary, etc. | Our study aims to analyze and compare the pedagogical approaches adopted and the content delivered in two training centers located in Rennes, INSPE and UFR STAPS, as well as in two different disciplines: Physical Education and History-Geography. |
| 690 ## - LOCAL SUBJECT ADDED ENTRY--TOPICAL TERM (OCLC, RLIN) | |
| Topical term or geographic name as entry element | EPS |
| 690 ## - LOCAL SUBJECT ADDED ENTRY--TOPICAL TERM (OCLC, RLIN) | |
| Topical term or geographic name as entry element | formation des enseignants |
| 690 ## - LOCAL SUBJECT ADDED ENTRY--TOPICAL TERM (OCLC, RLIN) | |
| Topical term or geographic name as entry element | Histoire-Géographie |
| 690 ## - LOCAL SUBJECT ADDED ENTRY--TOPICAL TERM (OCLC, RLIN) | |
| Topical term or geographic name as entry element | STAPS |
| 690 ## - LOCAL SUBJECT ADDED ENTRY--TOPICAL TERM (OCLC, RLIN) | |
| Topical term or geographic name as entry element | valeurs de la République |
| 690 ## - LOCAL SUBJECT ADDED ENTRY--TOPICAL TERM (OCLC, RLIN) | |
| Topical term or geographic name as entry element | History-Geography |
| 690 ## - LOCAL SUBJECT ADDED ENTRY--TOPICAL TERM (OCLC, RLIN) | |
| Topical term or geographic name as entry element | PES |
| 690 ## - LOCAL SUBJECT ADDED ENTRY--TOPICAL TERM (OCLC, RLIN) | |
| Topical term or geographic name as entry element | STAPS |
| 690 ## - LOCAL SUBJECT ADDED ENTRY--TOPICAL TERM (OCLC, RLIN) | |
| Topical term or geographic name as entry element | teacher training |
| 690 ## - LOCAL SUBJECT ADDED ENTRY--TOPICAL TERM (OCLC, RLIN) | |
| Topical term or geographic name as entry element | values of the Republic |
| 700 10 - ADDED ENTRY--PERSONAL NAME | |
| Personal name | Le Roy, Dimitri |
| Relator term | author |
| 700 10 - ADDED ENTRY--PERSONAL NAME | |
| Personal name | Adamski, Lisa |
| Relator term | author |
| 700 10 - ADDED ENTRY--PERSONAL NAME | |
| Personal name | Tutin, Jean-Christophe |
| Relator term | author |
| 786 0# - DATA SOURCE ENTRY | |
| Note | L’Année de la recherche en sciences de l’éducation | 1 | 1 | 2025-10-31 | p. 72-83 | 1254-6852 |
| 856 41 - ELECTRONIC LOCATION AND ACCESS | |
| Uniform Resource Identifier | <a href="https://shs.cairn.info/revue-l-annee-de-la-recherche-en-sciences-de-leducation-2025-1-page-72?lang=fr&redirect-ssocas=7080">https://shs.cairn.info/revue-l-annee-de-la-recherche-en-sciences-de-leducation-2025-1-page-72?lang=fr&redirect-ssocas=7080</a> |
Pas d'exemplaire disponible.




Réseaux sociaux